Europeizácia v kontexte SZBP EÚ a jej vplyv na zahraničnú politiku členských štátov

Problematika europeizačného procesu v rámci Spoločnej zahraničnej a bezpečnostnej politiky EÚ (SZBP). Analýza vplyvu SZBP EÚ na členské štáty.

Gespeichert in:
Bibliographische Detailangaben
1. Verfasser: Hošková, Jana
Format: Buchkapitel
Sprache:Slowakisch
Schlagworte:
Tags: Tag hinzufügen
Keine Tags, Fügen Sie das erste Tag hinzu!

MARC

LEADER 00000naa$a2200000$$$4500
001 0050240
005 20240502071558.3
041 0 |a slo 
044 |a SK 
245 1 0 |a Europeizácia v kontexte SZBP EÚ a jej vplyv na zahraničnú politiku členských štátov  |c Jana Hošková 
520 |a Problematika europeizačného procesu v rámci Spoločnej zahraničnej a bezpečnostnej politiky EÚ (SZBP). Analýza vplyvu SZBP EÚ na členské štáty. 
610 2 0 |a politika bezpečnostná 
610 2 0 |a politika zahraničná 
610 2 0 |a integrácia ekonomická medzinárodná 
610 2 0 |a Európske spoločenstvá 
100 1 |a Hošková, Jana